Drapeaux des états des Palaos - Statistiques

Statistiques générales
  • Ce quiz a été pris 14 fois
  • Le résultat moyen est 7 sur 16
Statistiques - réponses
Par images Réponse % Correct
Aimeliik
60%
Airai
60%
Peleliu
60%
Angaur
40%
Hatohobei
40%
Kayangel
40%
Koror
40%
Melekeok
40%
Ngaraard
40%
Ngarchelong
40%
Ngardmau
40%
Ngatpang
40%
Ngchesar
40%
Ngiwal
40%
Sonsorol
40%
Ngeremlengui
20%
Aucun quiz correspondant
Distribution des résultats
% des personnes avec chaque résultat
Percentile par nombre de réponses
Votre historique - résultats
Vous n’avez pas pris ce quiz